| 000 | 00368pam a2200157a 44500 | ||
|---|---|---|---|
| 008 | 230405s1988 xxu||||| |||| 00| 0 eng d | ||
| 041 | _aENG | ||
| 100 | _aShaw , Bernard | ||
| 245 | _aArms And The Man | ||
| 260 |
_aDELHI _bOrient Longman _c1988 |
||
| 300 | _a125p. | ||
| 440 | _aSource =RATANAKAR MIRAJ | ||
| 650 | _aENGLISH | ||
| 690 | _aENGLISH | ||
| 906 | _a975 | ||
| 999 |
_c781199 _d781199 |
||